000 00535nam a2200217Ia 4500
003 OSt
005 20220924133211.0
006 a|||||r|||| 00| 0
007 ta
008 220923b |||||||| |||| 00| 0 ben d
024 _a259751
037 _cTextual
040 _aARTS
_cARTS
_bben
041 _2ben
_aben
082 _aNW4462,N, 157N6
100 _aRoy Saranjan
_9205848
245 0 _aSankater mantaj
260 _c1996
942 _hNW4462,N, 157N6
_cTEXL
_2CC
999 _c432943
_d432943